[Event "Flint (Class C/5)"]
[Site "?"]
[Date "1990.??.??"]
[Round "?"]
[White "Troupe, D."]
[Black "Bloch, Hermann"]
[Result "0-1"]
[WhiteElo "1605"]
[BlackElo "1605"]
[PlyCount "66"]
[EventDate "1990.??.??"]

1. e4 e5 2. Nf3 Nc6 3. Bb5 a6 4. Bxc6 dxc6 5. h3 Qf6 6. d3 h6 7. O-O Bd6 8. b3
Ne7 9. Bb2 c5 10. Nbd2 g5 11. Nh2 h5 12. f3 Ng6 13. g4 Nf4 14. Nc4 Nxh3+ 15.
Kg2 Nf4+ 16. Kg3 Be6 17. Ne3 h4+ 18. Kf2 O-O-O 19. Ng2 Nxg2 20. Kxg2 Qf4 21.
Kh1 h3 22. Bc1 Qg3 23. Rg1 Qh4 24. Qf1 c4 25. bxc4 Bc5 26. Bxg5 Qxg5 27. Rg3
Qh4 28. Qe1 Be7 29. Rb1 Bg5 30. Rg1 Qxe1 31. Rgxe1 Bf4 32. c3 Bd2 33. Re2 Rxd3
0-1

[Event "Lansing (MI Am/3/8)"]
[Site "?"]
[Date "1990.??.??"]
[Round "?"]
[White "Triplett, Thomas"]
[Black "Swindler, J."]
[Result "1-0"]
[WhiteElo "1890"]
[BlackElo "1810"]
[PlyCount "99"]
[EventDate "1990.??.??"]

{3/(8)} 1. e4 c5 2. Nf3 d6 3. d4 cxd4 4. Nxd4 Nf6 5. Nc3 e6 6. Bc4 a6 7. Bb3 b5
8. a3 Bb7 9. f3 Be7 10. Qe2 Nbd7 11. Be3 Qc7 12. O-O Nc5 13. Bd2 O-O 14. Qf2
Rfe8 15. Qg3 Rac8 16. Bh6 Bf8 17. Rad1 Ncd7 18. Bg5 Be7 19. Kh1 Ne5 20. Bxf6
Bxf6 21. f4 Nc4 22. Bxc4 Qxc4 23. e5 dxe5 24. fxe5 Bd8 25. Rf4 Qc5 26. Rg4 g6
27. Ne4 Bxe4 28. Rxe4 Bb6 29. c3 Qd5 30. Qf4 Rc4 31. Rf1 Re7 32. h4 Rd7 33. h5
Bxd4 34. cxd4 Rxd4 35. Rxd4 Qxd4 36. Qf6 gxh5 37. Qg5+ Kh8 38. Rc1 Rd8 39. Qf6+
Kg8 40. Qg5+ Kh8 41. Rc7 Rf8 42. Qxh5 Qf4 43. Qe2 Rg8 44. Rc3 Qg4 45. Qf1 Qg5
46. Rf3 Rf8 47. Rf6 Qg7 48. Qf3 h6 49. Qe3 Kh7 50. Qf4 $138 1-0

[Event "Lansing (MI Am/1/17)"]
[Site "?"]
[Date "1990.??.??"]
[Round "?"]
[White "Triplett, Thomas"]
[Black "Sujarit, P."]
[Result "1-0"]
[WhiteElo "1890"]
[BlackElo "1605"]
[PlyCount "123"]
[EventDate "1990.??.??"]

{1/(17)} 1. d4 Nf6 2. e3 g6 3. Bd3 Bg7 4. f4 d5 5. Nd2 c6 6. Ngf3 b5 7. Ne5 Bb7
8. Qf3 e6 9. O-O a5 10. a3 Qc7 11. c3 O-O 12. Nb3 Nbd7 13. Bd2 a4 14. Nc1 Qb6
15. Ne2 c5 16. Ng3 c4 17. Bc2 Qc7 18. Rac1 Nb6 19. Bb1 Nc8 20. Ng4 Nd6 21.
Nxf6+ Bxf6 22. Qg4 Bg7 23. Rce1 f5 24. Qh3 Bf6 25. Nh1 Rf7 26. g4 fxg4 27. Qxg4
Bc8 28. Qe2 Rg7 29. Ng3 h5 30. Kf2 Bh4 31. Rg1 Ne4+ 32. Bxe4 dxe4 33. Kg2 e5
34. h3 exf4 35. exf4 Bb7 36. Be3 g5 37. Nf5 Bxe1 38. Nxg7 Kxg7 39. Qxe1 gxf4
40. Kf1+ Kh6 41. Qh4 Qf7 42. Qxf4+ Qxf4+ 43. Bxf4+ Kh7 44. Ke2 Rg8 45. Bg5 Rg6
46. Ke3 Kg7 47. Kf4 Kf7 48. h4 Ke6 49. Rf1 Kd5 50. Ke3 Bc8 51. Rf8 Bg4 52. Rd8+
Rd6 53. Rxd6+ Kxd6 54. Kxe4 Bd1 55. d5 Be2 56. Kd4 Kc7 57. Kc5 b4 58. axb4 Kd7
59. b5 Bd3 60. b6 Kc8 61. Kc6 Bf5 62. b7+ 1-0

[Event "Flint (Class A/5)"]
[Site "?"]
[Date "1990.??.??"]
[Round "?"]
[White "Triplett, Thomas"]
[Black "Skidmore, Mike"]
[Result "0-1"]
[WhiteElo "1940"]
[BlackElo "1910"]
[PlyCount "48"]
[EventDate "1990.??.??"]

1. d4 c6 2. e3 d5 3. Bd3 Nf6 4. Nd2 e6 5. f4 b6 6. Qe2 Be7 7. Ngf3 c5 8. c3 Bb7
9. Ne5 O-O 10. O-O Nbd7 11. Qf3 Rb8 12. g4 Nxe5 13. fxe5 Nd7 14. Qh3 g6 15. Nf3
f5 16. gxf5 gxf5 17. Rf2 Kh8 18. Bd2 Rg8+ 19. Kf1 Nf8 20. Ke2 Ng6 21. Rg2 Qe8
22. Rag1 Qf7 23. Be1 cxd4 24. exd4 Nf4+ 0-1

[Event "Detroit (MI Op/3/40)"]
[Site "?"]
[Date "1990.??.??"]
[Round "?"]
[White "Triplett, Thomas"]
[Black "Scott, Steven"]
[Result "1/2-1/2"]
[WhiteElo "1850"]
[BlackElo "1920"]
[PlyCount "24"]
[EventDate "1990.??.??"]

{3/(40)} 1. e4 e6 2. d4 d5 3. Nd2 c5 4. exd5 Qxd5 5. dxc5 Qxc5 6. Ngf3 Nf6 7.
Bd3 Nc6 8. O-O Be7 9. Ne4 Nxe4 10. Bxe4 Bd7 11. Be3 Qa5 12. c3 Qc7 1/2-1/2

[Event "Lansing (Mini-Swiss.2/2)"]
[Site "?"]
[Date "1990.??.??"]
[Round "?"]
[White "Triplett, Thomas"]
[Black "Scott, Steven"]
[Result "1/2-1/2"]
[WhiteElo "1850"]
[BlackElo "1920"]
[PlyCount "58"]
[EventDate "1990.??.??"]

{2/(2)} 1. e4 c5 2. Nf3 d6 3. d4 cxd4 4. Nxd4 Nf6 5. Nc3 a6 6. Bc4 e6 7. Bb3
Be7 8. O-O O-O 9. Kh1 Nc6 10. f4 Qc7 11. f5 Bd7 12. fxe6 fxe6 13. Nxe6 Bxe6 14.
Bxe6+ Kh8 15. Nd5 Nxd5 16. exd5 Ne5 17. Bf4 Ng6 18. Bg3 Rxf1+ 19. Qxf1 Qxc2 20.
Qc1 Qe2 21. Bc8 Qb5 22. Qc7 Qe8 23. Bxb7 Rb8 24. Re1 Qf8 25. h3 a5 26. Rxe7
Nxe7 27. Bxd6 Re8 28. Bc6 Qf1+ 29. Kh2 Nxc6 1/2-1/2

[Event "Lansing (Jan)"]
[Site "?"]
[Date "1990.??.??"]
[Round "?"]
[White "Triplett, Thomas"]
[Black "Ruhlmann, Max"]
[Result "1-0"]
[WhiteElo "1935"]
[BlackElo "1795"]
[PlyCount "49"]
[EventDate "1990.??.??"]

1. e4 c5 2. Nf3 d6 3. d4 cxd4 4. Nxd4 Nf6 5. Nc3 a6 6. Bg5 e6 7. f4 b5 8. e5
dxe5 9. fxe5 Qc7 10. Bxf6 gxf6 11. exf6 Qe5+ 12. Be2 Bb7 13. Qd2 Qxf6 14. Nf3
Rg8 15. Rf1 Rxg2 16. Bxb5+ axb5 17. Qxg2 b4 18. Ne2 Qxb2 19. Rd1 Qxc2 20. Qg8
Bd5 21. Ne5 Qc7 22. Rxf7 Qd6 23. Rxh7 Qxe5 24. Qf7+ Kd8 25. Qxf8# 1-0

[Event "Lansing (Feb)"]
[Site "?"]
[Date "1990.??.??"]
[Round "?"]
[White "Triplett, Thomas"]
[Black "LaFata, Sam"]
[Result "0-1"]
[WhiteElo "1935"]
[BlackElo "1950"]
[PlyCount "82"]
[EventDate "1990.??.??"]

1. Nf3 d5 2. d4 c5 3. e3 Nf6 4. c3 e6 5. Bd3 Nc6 6. Nbd2 Be7 7. O-O O-O 8. Ne5
Nxe5 9. dxe5 Nd7 10. f4 f5 11. Qh5 Qe8 12. Qh3 g5 13. Qg3 Qg6 14. h3 gxf4 15.
Qxg6+ hxg6 16. exf4 g5 17. g3 gxf4 18. gxf4 Rf7 19. Nf3 Rg7+ 20. Kf2 Nf8 21.
Be3 Bd7 22. Rg1 Ng6 23. Ng5 Nh4 24. Rg3 Bxg5 25. Rxg5 Rxg5 26. fxg5 Ng6 27.
Bxc5 Nxe5 28. Be2 Ng6 29. Bh5 Nf4 30. Be2 Nxh3+ 31. Ke3 e5 32. Be7 f4+ 33. Kd2
e4 34. Rh1 f3 35. Bf1 Re8 36. Bf6 e3+ 37. Ke1 f2+ 38. Kd1 Bg4+ 39. Be2 Bxe2+
40. Kxe2 Ng1+ 41. Kf1 e2+ 0-1

[Event "Flint (Class A/3)"]
[Site "?"]
[Date "1990.??.??"]
[Round "?"]
[White "Triplett, Thomas"]
[Black "Haakonstad, Olaf"]
[Result "0-1"]
[WhiteElo "1940"]
[BlackElo "1850"]
[PlyCount "66"]
[EventDate "1990.??.??"]

1. e4 e5 2. Nf3 Nc6 3. Bc4 Nf6 4. Ng5 d5 5. exd5 Na5 6. Bb5+ c6 7. dxc6 bxc6 8.
Be2 h6 9. Nh3 Bd6 10. O-O Qc7 11. d3 O-O 12. Kh1 Bf5 13. Ng1 Rad8 14. h3 Rfe8
15. Nc3 e4 16. d4 Nb7 17. Be3 Rd7 18. Qb1 Nd8 19. b4 Ne6 20. Qb3 Nf4 21. Bxf4
Bxf4 22. Bc4 Nh5 23. Nge2 Qd8 24. d5 Qh4 25. Nd1 e3 26. Ng1 exf2 27. Rxf2 Ng3+
28. Kh2 Ne4+ 29. Rxf4 Qxf4+ 30. g3 Qd2+ 31. Ne2 Ng5 32. Qc3 Rxe2+ 33. Bxe2
Qxe2+ 0-1

[Event "Detroit (MI Op/1a/19)"]
[Site "?"]
[Date "1990.??.??"]
[Round "?"]
[White "Triplett, Thomas"]
[Black "Gabbara, Faris"]
[Result "0-1"]
[WhiteElo "1850"]
[BlackElo "2090"]
[PlyCount "36"]
[EventDate "1990.??.??"]

1. e4 e5 2. Nf3 Nf6 3. Nxe5 d6 4. Nf3 Nxe4 5. d4 d5 6. Bd3 Bd6 7. O-O O-O 8. c4
c6 9. h3 Na6 10. a3 Re8 11. b4 dxc4 12. Bxc4 Nc7 13. Bb2 a5 14. bxa5 Rxa5 15.
Nc3 Ng5 16. Nxg5 Qxg5 17. g4 Qf4 18. Kg2 Qh2+ 0-1

[Event "Lansing (Mini-Swiss.2/3)"]
[Site "?"]
[Date "1990.??.??"]
[Round "?"]
[White "Triplett, Thomas"]
[Black "Ford, William"]
[Result "0-1"]
[WhiteElo "1850"]
[BlackElo "1895"]
[PlyCount "46"]
[EventDate "1990.??.??"]

{2/(3)} 1. d4 Nf6 2. e3 d5 3. Bd3 c5 4. c3 Nc6 5. f4 Bg4 6. Ne2 e6 7. O-O Bd6
8. Nd2 O-O 9. h3 Bh5 10. Qe1 c4 11. Bc2 b5 12. Ng3 Bg6 13. f5 exf5 14. Nxf5 Re8
15. e4 dxe4 16. Qh4 e3 17. Ne4 Nxe4 18. Qe1 Qc7 19. Bxe3 Bh2+ 20. Kh1 Bxf5 21.
Rxf5 Ng3+ 22. Kxh2 Nxf5+ 23. Kg1 Nxe3 0-1

[Event "Detroit (MI Op/5/33)"]
[Site "?"]
[Date "1990.??.??"]
[Round "?"]
[White "Triplett, Thomas"]
[Black "Brattin, Vincent"]
[Result "1/2-1/2"]
[WhiteElo "1850"]
[BlackElo "1930"]
[PlyCount "119"]
[EventDate "1990.??.??"]

{5/(33)} 1. e4 c6 2. g3 d5 3. Bg2 dxe4 4. Bxe4 Nf6 5. Bg2 e5 6. d3 Bc5 7. Be3
Bxe3 8. fxe3 Qb6 9. Qc1 Ng4 10. Bh3 O-O 11. Bxg4 Bxg4 12. h3 Be6 13. Nc3 f5 14.
Nge2 Nd7 15. b3 Nf6 16. Qd2 Nd5 17. Nxd5 cxd5 18. O-O-O d4 19. exd4 exd4 20.
Nf4 a5 21. Nxe6 Qxe6 22. Rde1 Qd5 23. Rh2 a4 24. Qb4 b5 25. Rhe2 axb3 26. Qxb3
Qxb3 27. axb3 Ra1+ 28. Kb2 Rxe1 29. Rxe1 f4 30. gxf4 Rxf4 31. Re5 Rh4 32. Rxb5
Rxh3 33. Rd5 Rh4 34. b4 Kf7 35. Kb3 Ke6 36. Kc4 Rh2 37. Rxd4 Rxc2+ 38. Kb3 Rc7
39. b5 Ke5 40. Rd8 g5 41. Kb4 Rc1 42. b6 Rb1+ 43. Kc5 Rc1+ 44. Kb5 Rb1+ 45. Kc6
Rc1+ 46. Kb7 g4 47. Kb8 g3 48. d4+ Ke6 49. Rg8 Rc3 50. b7 h5 51. Ka7 Ra3+ 52.
Kb6 Rb3+ 53. Ka7 Ra3+ 54. Kb6 Rb3+ 55. Kc7 Rc3+ 56. Kd8 Rb3 57. Kc8 Rc3+ 58.
Kd8 Rb3 59. Kc7 Rc3+ 60. Kd8 1/2-1/2

[Event "Flint (Class A/1)"]
[Site "?"]
[Date "1990.??.??"]
[Round "?"]
[White "Triplett, Thomas"]
[Black "Brattin, Brian"]
[Result "0-1"]
[WhiteElo "1940"]
[BlackElo "1850"]
[PlyCount "56"]
[EventDate "1990.??.??"]

1. e4 e6 2. d4 d5 3. Nd2 Nf6 4. e5 Nfd7 5. Ne2 c5 6. c3 Nc6 7. g3 Qb6 8. Nf3
cxd4 9. cxd4 f6 10. exf6 Nxf6 11. Bg2 Bd6 12. O-O O-O 13. b3 e5 14. dxe5 Nxe5
15. Bb2 Re8 16. Nxe5 Bxe5 17. Bxd5+ Kh8 18. Bxe5 Rxe5 19. Bf3 Bh3 20. Bg2 Bg4
21. Re1 Rae8 22. Bf1 Qa6 23. f3 Bxf3 24. Kf2 Ng4+ 25. Kxf3 Qf6+ 26. Nf4 Rxe1
27. Qd7 Ne5+ 28. Kf2 Nxd7 0-1

[Event "Detroit (MOR/5/60)"]
[Site "?"]
[Date "1990.??.??"]
[Round "?"]
[White "Travis, E."]
[Black "Sturgis, Derreck"]
[Result "0-1"]
[WhiteElo "1605"]
[BlackElo "1605"]
[PlyCount "44"]
[EventDate "1990.??.??"]

{5/(60)} 1. e4 c5 2. c4 a6 3. Nf3 b5 4. cxb5 d5 5. exd5 Qxd5 6. bxa6 Bxa6 7.
Bxa6 Rxa6 8. O-O e6 9. Nc3 Qb7 10. d4 cxd4 11. Qxd4 Nc6 12. Qe4 Nf6 13. Qc2 Be7
14. Bg5 O-O 15. Bxf6 Bxf6 16. Qb3 Rb6 17. Qa3 Ra8 18. Na4 Bxb2 19. Qd3 Rxa4 20.
Rfd1 Nd4 21. Nxd4 Rxd4 22. Qf3 Bxa1 0-1

[Event "Detroit (MOR/2/55)"]
[Site "?"]
[Date "1990.??.??"]
[Round "?"]
[White "Travis, E."]
[Black "Stinson, Darlene"]
[Result "0-1"]
[WhiteElo "1605"]
[BlackElo "1605"]
[PlyCount "40"]
[EventDate "1990.??.??"]

{2/(55)} 1. e4 e5 2. Nf3 Nf6 3. Nxe5 Qe7 4. Nf3 Nxe4 5. Qe2 d5 6. d3 Nf6 7.
Qxe7+ Bxe7 8. Nc3 O-O 9. Bf4 c6 10. O-O-O Bf5 11. Re1 Bb4 12. Re7 Bxe7 13. Be2
Nbd7 14. Re1 Bb4 15. Be3 c5 16. d4 c4 17. a3 Ba5 18. b4 cxb3 19. cxb3 Bxc3 20.
Rd1 Rac8 0-1

[Event "Detroit (MOR/4/62)"]
[Site "?"]
[Date "1990.??.??"]
[Round "?"]
[White "Travis, E."]
[Black "Carvell, John"]
[Result "0-1"]
[WhiteElo "1605"]
[BlackElo "1605"]
[PlyCount "42"]
[EventDate "1990.??.??"]

{4/(62)} 1. e3 e5 2. c3 d5 3. d4 Nc6 4. Bb5 Bd7 5. Bxc6 bxc6 6. dxe5 f6 7. exf6
Nxf6 8. Nf3 Bd6 9. O-O O-O 10. b3 Qe7 11. Nbd2 Rfe8 12. c4 Bg4 13. cxd5 Nxd5
14. Nc4 Bxf3 15. gxf3 Qg5+ 16. Kh1 Nc3 17. Qc2 Qf5 18. Qxc3 Qxf3+ 19. Kg1 Rf8
20. Ne5 Bxe5 21. Qc4+ Kh8 0-1

[Event "Lansing (Jan)"]
[Site "?"]
[Date "1990.??.??"]
[Round "?"]
[White "Tindall, K."]
[Black "Robinson, Erik"]
[Result "0-1"]
[WhiteElo "1605"]
[BlackElo "1605"]
[PlyCount "36"]
[EventDate "1990.??.??"]

1. e4 Nf6 2. Nc3 d5 3. f3 e5 4. Nge2 d4 5. Na4 b5 6. Nxd4 exd4 7. Bxb5+ Bd7 8.
Qe2 Bxb5 9. Qxb5+ Nbd7 10. d3 Bd6 11. Bg5 O-O 12. f4 Qe8 13. O-O c5 14. e5 Ng4
15. Rae1 Ne3 16. exd6 Qe6 17. Nxc5 Qd5 18. c4 Qxg2# 0-1

[Event "Lansing (Jan)"]
[Site "?"]
[Date "1990.??.??"]
[Round "?"]
[White "Tindall, K."]
[Black "Jackson, Don"]
[Result "0-1"]
[WhiteElo "1605"]
[BlackElo "1605"]
[PlyCount "80"]
[EventDate "1990.??.??"]

1. Nf3 d5 2. c4 c6 3. b4 e6 4. a3 b6 5. Bb2 Nf6 6. g3 c5 7. Bg2 Bb7 8. d3 d4 9.
O-O Bd6 10. Nbd2 O-O 11. Nb3 Nbd7 12. Qc2 Qe7 13. Ng5 Bxg2 14. Kxg2 Ne5 15. e3
Qb7+ 16. f3 Neg4 17. exd4 Ne3+ 18. Kf2 Nxc2 19. Rac1 Nxd4 20. Nxd4 cxd4 21.
Bxd4 h6 22. Ne4 Nxe4+ 23. dxe4 Rfd8 24. c5 Bxg3+ 25. hxg3 Rxd4 26. c6 Qc7 27.
Rc3 Rd2+ 28. Ke3 Rad8 29. Rfc1 Rd1 30. Rxd1 Rxd1 31. Ke2 Rd6 32. b5 Rd8 33. Ke3
Rc8 34. f4 f6 35. Rd3 Rd8 36. f5 Qxg3+ 37. Ke2 Qxd3+ 38. Kf2 Qxe4 39. c7 Qxf5+
40. Kg3 Rc8 0-1

[Event "Detroit (MI Op/2/28)"]
[Site "?"]
[Date "1990.??.??"]
[Round "?"]
[White "Thurman, John"]
[Black "Vandivier, Don"]
[Result "0-1"]
[WhiteElo "1740"]
[BlackElo "2010"]
[PlyCount "56"]
[EventDate "1990.??.??"]

{2/(28)} 1. d4 Nf6 2. c4 e6 3. Nc3 d5 4. Bg5 Be7 5. e3 O-O 6. Nf3 a6 7. cxd5
exd5 8. Qb3 c6 9. Bd3 Nbd7 10. O-O Ne4 11. Bxe7 Qxe7 12. Bxe4 dxe4 13. Nd2 Nf6
14. Na4 Be6 15. Qc2 Bd5 16. Nb6 Rad8 17. Rfc1 Qd6 18. Ndc4 Qc7 19. Nxd5 Rxd5
20. Ne5 Re8 21. Qc4 Re6 22. f4 exf3 23. gxf3 Rdxe5 24. dxe5 Qxe5 25. Qf4 Qxb2
26. Rab1 Qxa2 27. Qb8+ Ne8 28. Rxb7 Qe2 0-1

[Event "Detroit (MI Op/4/43)"]
[Site "?"]
[Date "1990.??.??"]
[Round "?"]
[White "Thurman, John"]
[Black "Triplett, Thomas"]
[Result "0-1"]
[WhiteElo "1740"]
[BlackElo "1850"]
[PlyCount "54"]
[EventDate "1990.??.??"]

{4/(43)} 1. d4 Nf6 2. c4 e6 3. Nc3 Bb4 4. Nf3 O-O 5. g3 Bxc3+ 6. bxc3 b6 7. Bg2
Bb7 8. O-O d6 9. Bf4 Nbd7 10. Qb3 Re8 11. Rfd1 Qe7 12. a4 a5 13. Ra2 h6 14. h3
Rac8 15. Be3 Ba8 16. Bc1 e5 17. e3 Qe6 18. d5 Qf5 19. Qc2 e4 20. Nd4 Qg6 21.
Qe2 Ne5 22. Rc2 Bb7 23. Kh2 Ba6 24. Nb5 Nfd7 25. f4 exf3 26. Bxf3 Nxf3+ 27.
Qxf3 Qxc2+ 0-1

[Event "Detroit (MI Op/1a/23)"]
[Site "?"]
[Date "1990.??.??"]
[Round "?"]
[White "Thurman, John"]
[Black "Jarosz, Stan"]
[Result "1/2-1/2"]
[WhiteElo "1740"]
[BlackElo "2050"]
[PlyCount "67"]
[EventDate "1990.??.??"]

1. d4 d5 2. c4 e6 3. Nc3 Be7 4. Nf3 Nf6 5. Bg5 h6 6. Bh4 O-O 7. e3 b6 8. Bd3
Bb7 9. Qe2 c5 10. Rc1 cxd4 11. exd4 dxc4 12. Bxc4 Nc6 13. Rd1 Nb4 14. a3 Nbd5
15. Nxd5 Nxd5 16. Bg3 Rc8 17. O-O h5 18. h3 Nf6 19. Ne5 Ne4 20. Qxh5 Nxg3 21.
fxg3 Bf6 22. Ng6 fxg6 23. Bxe6+ Rf7 24. Qxg6 Rcc7 25. Bxf7+ Rxf7 26. Rf4 Qd5
27. Rd2 Qe6 28. Rdf2 Bd5 29. Kh2 Qe7 30. h4 Bb3 31. Qd3 Bd5 32. Qf1 Qf8 33. Qd3
Qd6 34. Qg6 1/2-1/2

[Event "Detroit (MI Op/6/38)"]
[Site "?"]
[Date "1990.??.??"]
[Round "?"]
[White "Thurman, John"]
[Black "Imai, Toshio"]
[Result "1-0"]
[WhiteElo "1740"]
[BlackElo "1810"]
[PlyCount "85"]
[EventDate "1990.??.??"]

{6/(38)} 1. d4 Nf6 2. c4 e5 3. dxe5 Ng4 4. Nf3 Bc5 5. e3 Qe7 6. Nc3 c6 7. Ne4
Nxe5 8. Nxc5 Qxc5 9. b3 O-O 10. Be2 Nxf3+ 11. Bxf3 d6 12. O-O Nd7 13. a4 Qe5
14. Ra2 Rd8 15. Ba3 Nf6 16. Rd2 Ne8 17. c5 d5 18. Bb2 Qg5 19. e4 Be6 20. exd5
Bxd5 21. Bxd5 Rxd5 22. Rxd5 cxd5 23. f4 Qf5 24. Be5 Rd8 25. Re1 f6 26. g4 Qd7
27. Bd4 Nc7 28. f5 Re8 29. Rxe8+ Qxe8 30. b4 a6 31. Kf2 Kf7 32. Qc2 g6 33. h4
Qe4 34. Qxe4 dxe4 35. Ke3 Nd5+ 36. Kxe4 Nxb4 37. Bc3 Nc6 38. fxg6+ hxg6 39. Kd5
Ke7 40. h5 gxh5 41. gxh5 Kf7 42. Kd6 Ne7 43. Bd2 1-0

[Event "Detroit (MI Op/2/4)"]
[Site "?"]
[Date "1990.??.??"]
[Round "?"]
[White "Thompson, Dexter"]
[Black "Yahkind, Alex"]
[Result "1-0"]
[WhiteElo "2315"]
[BlackElo "2065"]
[PlyCount "37"]
[EventDate "1990.??.??"]

{2/(4)} 1. e4 c5 2. d4 cxd4 3. c3 dxc3 4. Nxc3 e6 5. Bc4 Nc6 6. Nf3 a6 7. O-O
Qc7 8. Qe2 d6 9. Rd1 Nf6 10. Bf4 b5 11. Bb3 b4 12. Na4 e5 13. Bg5 Bg4 14. Rac1
Rc8 15. Qxa6 Nxe4 16. Bd5 Nc5 17. Nxc5 dxc5 18. Bxc6+ Qxc6 19. Qxc6+ 1-0

[Event "Detroit (MCO/4/3)"]
[Site "?"]
[Date "1990.??.??"]
[Round "?"]
[White "Thompson, Dexter"]
[Black "Turner, George"]
[Result "1-0"]
[WhiteElo "2295"]
[BlackElo "2100"]
[PlyCount "83"]
[EventDate "1990.??.??"]

{4/(3)} 1. e4 Nf6 2. e5 Nd5 3. c4 Nb6 4. d4 d6 5. f4 dxe5 6. fxe5 Nc6 7. Be3
Bf5 8. Nc3 e6 9. Nf3 Bg4 10. Be2 Qd7 11. O-O Be7 12. Kh1 O-O-O 13. c5 Nd5 14.
Nxd5 Qxd5 15. Qa4 Qe4 16. Qa3 f6 17. Nd2 Qg6 18. Bd3 Bf5 19. Bxf5 exf5 20. Nf3
Qf7 21. b4 Qc4 22. Rab1 Qb5 23. Qb3 Nb8 24. d5 fxe5 25. Nxe5 Rhf8 26. d6 Bf6
27. a4 Qe8 28. Nc4 Be5 29. Nxe5 Qxe5 30. Bf4 Qf6 31. dxc7 Nc6 32. cxd8=Q+ Nxd8
33. b5 g5 34. Bd6 Re8 35. Rbe1 Ne6 36. c6 b6 37. Qd5 f4 38. Bxf4 Rd8 39. Qxe6+
Qxe6 40. Rxe6 gxf4 41. h4 Rd4 42. Re8+ 1-0

[Event "Lansing (Mini-Swiss.1/3)"]
[Site "?"]
[Date "1990.??.??"]
[Round "?"]
[White "Thompson, Dexter"]
[Black "Scott, Steven"]
[Result "1-0"]
[WhiteElo "2325"]
[BlackElo "1910"]
[PlyCount "81"]
[EventDate "1990.??.??"]

{1/(3)} 1. e4 c5 2. d4 cxd4 3. c3 dxc3 4. Nxc3 d6 5. Bc4 e6 6. Nf3 Nf6 7. O-O
Be7 8. Qe2 a6 9. Rd1 Qa5 10. Bf4 e5 11. Bd2 Qc7 12. Rac1 Nc6 13. Nd5 Qd8 14.
Be3 Nxd5 15. Bxd5 Bd7 16. a3 O-O 17. b4 Rc8 18. Qa2 h6 19. Qb3 Qc7 20. a4 Qb8
21. b5 Nd8 22. Qb4 Ne6 23. Nxe5 dxe5 24. Qxe7 Rcd8 25. Bb6 Rfe8 26. Qb4 Rc8 27.
Bc4 Nf8 28. Bc5 Be6 29. Bxf8 Rxf8 30. Bxe6 fxe6 31. f3 axb5 32. axb5 Qa7+ 33.
b6 Qa2 34. Qe7 Rxc1 35. Rxc1 Qb2 36. Qxe6+ Kh8 37. Rd1 Ra8 38. h3 Qe2 39. Qd6
Ra2 40. Qf8+ Kh7 41. Qf5+ 1-0

[Event "Lansing (Mini-Swiss.1/3)"]
[Site "?"]
[Date "1990.??.??"]
[Round "?"]
[White "Thompson, Dexter"]
[Black "Repkin, Victor"]
[Result "1-0"]
[WhiteElo "2355"]
[BlackElo "2085"]
[PlyCount "100"]
[EventDate "1990.??.??"]

{1/(3)} 1. e4 e6 2. d4 d5 3. e5 c5 4. c3 Nc6 5. Nf3 Qb6 6. a3 Bd7 7. g3 Nge7 8.
dxc5 Qxc5 9. Be3 Qa5 10. b4 Qc7 11. Bd4 Ng6 12. Bg2 Ngxe5 13. Nxe5 Nxe5 14. O-O
f6 15. Re1 Be7 16. f4 Nc6 17. Bh3 Nxd4 18. cxd4 Kf7 19. Nd2 Rhe8 20. Qh5+ Kg8
21. Bxe6+ Bxe6 22. Rxe6 Qc3 23. Rae1 Qxd2 24. Qxd5 Rad8 25. Qc4 Kf8 26. R6e4
Bd6 27. Rxe8+ Rxe8 28. Rxe8+ Kxe8 29. Qc8+ Kf7 30. Qxb7+ Kg6 31. Qxa7 h5 32.
Qb6 Bf8 33. Qd8 Qe3+ 34. Kf1 Be7 35. Qe8+ Kf5 36. Qxh5+ Ke4 37. Kg2 Qxa3 38. b5
Kxd4 39. Qf7 Qa8+ 40. Kh3 Bf8 41. b6 Qc8+ 42. Kh4 Qb8 43. Qc7 Bd6 44. Qxb8 Bxb8
45. Kh5 Ke4 46. Kg6 Kf3 47. Kxg7 f5 48. Kg6 Kg4 49. b7 Bc7 50. h4 Kxg3 1-0

[Event "Lansing (Jan)"]
[Site "?"]
[Date "1990.??.??"]
[Round "?"]
[White "Thompson, Dexter"]
[Black "Hahn, David"]
[Result "1-0"]
[WhiteElo "2345"]
[BlackElo "2205"]
[PlyCount "91"]
[EventDate "1990.??.??"]

1. e4 g6 2. d4 Bg7 3. Nc3 d6 4. f4 Nf6 5. Nf3 c5 6. Bb5+ Bd7 7. e5 Ng4 8. e6
fxe6 9. Ng5 Bxb5 10. Nxe6 Bxd4 11. Qxg4 Bd7 12. Nd5 Bxe6 13. Qxe6 Qd7 14. f5
gxf5 15. Qh6 Nc6 16. c3 O-O-O 17. cxd4 Nxd4 18. O-O e6 19. Nc3 Rhg8 20. Be3 Rg6
21. Qh3 Rdg8 22. Rf2 Nc6 23. Rd1 b6 24. g3 d5 25. Bf4 d4 26. Bc1 Rg4 27. Qg2 e5
28. Nd5 R4g6 29. Bg5 Rxg5 30. Nf6 Qe6 31. Nxg8 Rxg8 32. Qh3 Rf8 33. Rdf1 e4 34.
Rxf5 Rxf5 35. Rxf5 Kb7 36. Qxh7+ Ka6 37. Qf7 Qxf7 38. Rxf7 e3 39. Kf1 d3 40.
Rd7 Nd4 41. Rxd4 cxd4 42. h4 d2 43. Ke2 Kb5 44. h5 Kc4 45. h6 d3+ 46. Kd1 1-0

[Event "Detroit (RVO/2)"]
[Site "?"]
[Date "1990.??.??"]
[Round "?"]
[White "Thompson, Dexter"]
[Black "Gawarecki, Leszek"]
[Result "0-1"]
[WhiteElo "2295"]
[BlackElo "1775"]
[PlyCount "56"]
[EventDate "1990.??.??"]

1. e4 c5 2. d4 cxd4 3. c3 Nf6 4. e5 Nd5 5. cxd4 Nc6 6. Nf3 d6 7. Nc3 e6 8. Bd3
Be7 9. O-O O-O 10. exd6 Qxd6 11. Ne4 Qd8 12. a3 Nf6 13. Be3 Bd7 14. Rc1 Rc8 15.
Nc5 Qc7 16. Nxd7 Nxd7 17. Re1 Bf6 18. b4 Qd6 19. Bb1 Ne7 20. Qd3 g6 21. Bg5 Nf5
22. Rcd1 Bxg5 23. Nxg5 Nf6 24. Qf3 h6 25. Bxf5 gxf5 26. Nh3 Nd5 27. Qh5 Nf6 28.
Rd3 Nxh5 0-1

[Event "Lansing (Mini-Swiss.1/1)"]
[Site "?"]
[Date "1990.??.??"]
[Round "?"]
[White "Thompson, Dexter"]
[Black "Ford, William"]
[Result "1-0"]
[WhiteElo "2325"]
[BlackElo "1920"]
[PlyCount "43"]
[EventDate "1990.??.??"]

{1/(1)} 1. e4 e6 2. d4 d5 3. Nc3 Bb4 4. Qg4 Bxc3+ 5. bxc3 Qf6 6. exd5 Bd7 7.
Bg5 Qg6 8. Bd3 exd5 9. Qe2+ Qe6 10. O-O-O Nc6 11. Qd2 Nge7 12. Re1 Qd6 13. Bxe7
Nxe7 14. Qg5 g6 15. Nf3 Be6 16. Qf6 O-O-O 17. Ng5 Qa3+ 18. Kd2 Kb8 19. Nxf7
Bxf7 20. Rxe7 Rhf8 21. Rxf7 Rxf7 22. Qxd8# 1-0

[Event "Detroit (MI Op/4/2)"]
[Site "?"]
[Date "1990.??.??"]
[Round "?"]
[White "Thompson, Dexter"]
[Black "Everett, Morgan"]
[Result "1-0"]
[WhiteElo "2315"]
[BlackElo "2080"]
[PlyCount "33"]
[EventDate "1990.??.??"]

{4/(2)} 1. e4 e5 2. Nf3 Nc6 3. d4 exd4 4. c3 dxc3 5. Bc4 Bb4 6. Nxc3 d6 7. O-O
Bxc3 8. bxc3 Bg4 9. Qb3 Na5 10. Bxf7+ Kf8 11. Qb4 Bxf3 12. Bxg8 Kxg8 13. gxf3
Nc6 14. Qb3+ Kf8 15. Qxb7 Ne5 16. f4 Qh4 17. f3 1-0

[Event "Detroit (MCO/2/14)"]
[Site "?"]
[Date "1990.??.??"]
[Round "?"]
[White "Thompson, Dexter"]
[Black "Davy, Erez"]
[Result "1-0"]
[WhiteElo "2295"]
[BlackElo "1605"]
[PlyCount "93"]
[EventDate "1990.??.??"]

{2/(14)} 1. e4 d5 2. exd5 Qxd5 3. Nc3 Qa5 4. d4 Nf6 5. Nf3 Bg4 6. Bc4 e6 7. Bd2
Bb4 8. h3 Bxf3 9. Qxf3 c6 10. O-O O-O 11. a3 Bxc3 12. Bxc3 Qc7 13. Bd3 Nbd7 14.
Rfe1 Rad8 15. Bd2 Nb6 16. Bg5 Nbd7 17. Rad1 Rc8 18. c4 Qb6 19. b4 a5 20. Bf4
Rfe8 21. Bd6 axb4 22. axb4 Ra8 23. c5 Qxb4 24. Rb1 Qxd4 25. Red1 Qh4 26. Rxb7
Rac8 27. Rdb1 e5 28. Bf5 Rcd8 29. Qxc6 Nf8 30. Qc7 N8d7 31. c6 Nd5 32. Qa5 N7f6
33. Bxe5 Qg5 34. Bxf6 Nxf6 35. Rxf7 Rd5 36. Qa7 Rxf5 37. c7 Rc5 38. Rxg7+ Qxg7
39. Qxc5 Qf8 40. Qxf8+ Rxf8 41. Rb8 Ne8 42. c8=Q h6 43. Qxe8 Rxe8 44. Rxe8+ Kf7
45. Re5 Kf6 46. f4 Kg6 47. g4 1-0

[Event "Detroit (MI Op/7/3)"]
[Site "?"]
[Date "1990.??.??"]
[Round "?"]
[White "Thompson, Dexter"]
[Black "Andrews, Steve"]
[Result "1-0"]
[WhiteElo "2315"]
[BlackElo "2185"]
[PlyCount "63"]
[EventDate "1990.??.??"]

{7/(3)} 1. e4 c5 2. c3 Nf6 3. e5 Nd5 4. d4 cxd4 5. cxd4 d6 6. Bc4 Nb6 7. Bb5+
Bd7 8. e6 Bxb5 9. Qh5 Qc7 10. Qxb5+ Kd8 11. Nc3 fxe6 12. Nf3 Qc4 13. Qxc4 Nxc4
14. O-O Nc6 15. b3 Nb6 16. Re1 Kd7 17. Bb2 Nd5 18. Ng5 Nd8 19. Nxe6 Nxc3 20.
Nxd8 Nxa2 21. Nf7 Nb4 22. Nxh8 Nd3 23. Re2 Nxb2 24. Rxb2 e6 25. Rc2 Be7 26.
Rac1 Rxh8 27. Rc7+ Ke8 28. Rc8+ Bd8 29. R1c7 a5 30. Rxb7 Rf8 31. Rxg7 h6 32. g3
1-0